Tenemos tu número : (Registro nro. 37337)
[ vista simple ]
| 000 -CABECERA | |
|---|---|
| Longitud fija campo de control | 02089nam a2200325ua 4500 |
| 003 - • IDENTIFICADOR DELl NÚMERO DE CONTROL | |
| Identificador del número de control | CO-ViMGA |
| 005 - • FECHA Y HORA DE LA ÚLTIMA TRANSACCIÓN | |
| Fecha y hora de la última transacción | 20230915233613.0 |
| 008 - • CÓDIGOS DE INFORMACIÓN DE LONGITUD FIJA | |
| Códigos de información de longitud fija | 130620s2013 ck a gr 00110 spa d |
| 020 ## - • NÚMERO INTERNACIONAL NORMALIZADO PARA LIBROS | |
| Número Internacional Normalizado para Libros (ISBN) | 9789583057830 |
| 040 ## - FUENTE DE LA CATALOGACIÓN | |
| Centro catalogador de origen | CO-ViMGA |
| Lengua de catalogación | spa |
| Centro transcriptor | CO-ViMGA |
| 043 ## - CÓDIGO DE ÁREA GEOGRÁFICA | |
| Código de área geográfica | s-ck--- |
| 082 04 - • NÚMERO DE LA CLASIFICACIÓN DECIMAL DEWEY | |
| Número de clasificación (R) | 510.7 |
| Número de edición | 21 |
| Número del ítem | P17t |
| 100 1# - • PUNTO DE ACCESO PRINCIPAL-NOMBRE DE PERSONA | |
| Nombre de persona | Patel, Mukul. |
| 245 00 - • TITULO PROPIAMENTE DICHO | |
| Título | Tenemos tu número : |
| Mención de responsabilidad, etc. | Mukul Patel, ilustrador Supriya Sahai ; traductora Adriana Arias de Hassan. |
| Resto del título | porque todo en el universo son números... incluyéndote... / |
| 250 ## - • MENCIÓN DE EDICIÓN | |
| Mención de edición | Editora Marcela Carrasquilla. |
| 300 ## - • DESCRIPCIÓN FÍSICA | |
| Extensión | 96 p. : |
| Otras características físicas | il. ; |
| Dimensiones | 28 cm. |
| 500 ## - • NOTA GENERAL | |
| Nota general | Incluye bibliografía e índice analítico y glosario |
| 520 ## - • NOTA DE RESUMEN | |
| Resumen, etc, | "Todo en el universo está escrito en el lenguaje de las matemáticas, dijo Galileo. Estaba en lo cierto. Las matemáticas no son sólo sumas. Están en todo lo que nos rodea. Explican por qué te pareces a tus padres, por qué las lunas giran alrededor de los planetas y por qué es tan difícil elegir sabores de helados. Tenemos tu número te sorprenderá con las formas inesperadas en que las matemáticas les dan forma a nuestras vidas, te encantará con historias de grandes matemáticos del pasado y te desconcertará con los problemas que han dejado perplejos a cerebritos por cientos de años. En este libro podrás explorar un mundo en el que los balones de fútbol no son redondos, las bicicletas tienen ruedas cuadradas y los números imaginarios ayudan a los aviones a mantenerse en el aire. Aprenderás a hacer una figura con una sola esquina y matemáticas rápidas" |
| 534 ## - • Nota De Versión Original | |
| -- | Título original : |
| Título | We ve got your number. |
| 650 14 - • PUNTO DE ACCESO ADICIONAL DE MATERIA - TÉRMINO DE MATERIA | |
| Término de materia o nombre geográfico como elemento inicial | Algoritmos |
| Subdivisión de materia general | Literatura infantil |
| 650 14 - • PUNTO DE ACCESO ADICIONAL DE MATERIA - TÉRMINO DE MATERIA | |
| Término de materia o nombre geográfico como elemento inicial | Lógica simbólica y matemática. |
| 650 14 - • PUNTO DE ACCESO ADICIONAL DE MATERIA - TÉRMINO DE MATERIA | |
| Término de materia o nombre geográfico como elemento inicial | Matemáticas |
| Subdivisión de materia general | Enseñanza primaria. |
| 650 14 - • PUNTO DE ACCESO ADICIONAL DE MATERIA - TÉRMINO DE MATERIA | |
| Término de materia o nombre geográfico como elemento inicial | Teoría de los números |
| Subdivisión de materia general | Literatura infantil |
| 650 14 - • PUNTO DE ACCESO ADICIONAL DE MATERIA - TÉRMINO DE MATERIA | |
| Término de materia o nombre geográfico como elemento inicial | Juegos matemáticos. |
| 700 1# - • PUNTO DE ACCESO ADICIONAL - NOMBRE DE PERSONA | |
| Nombre de persona | Arias de Hassan, Adriana, |
| Término indicativo de función | tr. |
| 700 1# - • PUNTO DE ACCESO ADICIONAL - NOMBRE DE PERSONA | |
| Nombre de persona | Sahai, Supriya, |
| Término indicativo de función | il. |
| 942 ## - ENTRADA DE ELEMENTOS AGREGADOS (KOHA) | |
| Fuente de clasificaión o esquema | Dewey Decimal Classification |
| Koha [por defecto] tipo de item | LIbro |
| Perdido | Fuente de clasificación o esquema | Estado Físico | No para préstamo | Forma de adquisición | Localización permanente | Localización actual | Fecha adquisición | Préstamos totales | Signatura completa | Código de barras | Fecha última consulta | Fecha último préstamo | Fecha del precio de reemplazo | Tipo de item de Koha |
|---|---|---|---|---|---|---|---|---|---|---|---|---|---|---|
| Dewey Decimal Classification | Sala General Segundo Piso | Biblioteca Pública Germán Arciniegas - Villavicencio | Biblioteca Pública Germán Arciniegas - Villavicencio | 04/16/2020 | 1 | 510.7 P17t | 33335 | 10/22/2025 | 09/29/2025 | 04/16/2020 | LIbro | |||
| Dewey Decimal Classification | Sala General Segundo Piso | Biblioteca Pública Germán Arciniegas - Villavicencio | Biblioteca Pública Germán Arciniegas - Villavicencio | 04/16/2020 | 510.7 P17t | 33336 | 04/16/2020 | 04/16/2020 | LIbro |